000 00357 a2200169 4500
001 192451
020 _a
040 _cMagnum
100 _aAdur, Suellen
240 1 0 _aUma festa colorida
_lpor
245 1 0 _aUma festa colorida
300 _a15
362 0 _a1997
440 1 _aBolsa Nacional do Livro
697 _aLITERATURA INFANTIL
942 _cBK
999 _c192451
_d192451